| 000 | 00525nam a2200181 a 4500 | ||
|---|---|---|---|
| 001 | 3233 | ||
| 003 | CO-ViMGA | ||
| 008 | 141112s2004 ck r 000 u spa d | ||
| 040 |
_aCO-ViMGA _bspa _cCO-ViMGA |
||
| 082 | 0 | 4 | _aADAr |
| 100 | 1 | _aAda, Alma Flor | |
| 245 | 1 | 0 |
_aRin rin : _bmetodo inicial de lecto escritura / _cAda Alma flor , Olave Martha del Pilar |
| 260 |
_aBogotá : _bEducativa, _c1990 |
||
| 300 | _a126 p : il | ||
| 650 | 1 | 4 |
_aCUENTOS INFANTILES _92743 |
| 650 | 1 | 4 |
_aLECTURA - CARTILLAS _952673 |
| 942 |
_2ddc _cBK |
||
| 999 |
_c15283 _d15283 |
||